| 000 | 00758nam a2200205 a 4500 | ||
|---|---|---|---|
| 001 | 000014179 | ||
| 005 | 20200929163516.0 | ||
| 008 | 091207s1968 au a 001 0 spa d | ||
| 040 |
_aDO-SdBNP _bspa _cBNPHU |
||
| 082 |
_a330.97293 _bT153r |
||
| 100 | 1 |
_aTamames, Ramón _932038 |
|
| 245 | 1 | 3 |
_aLa República Dominicana y la integración económica de América Latina / _cRamón Tamames. |
| 260 |
_aBuenos Aires : _bINTAL, _c1968. |
||
| 300 |
_a269 p. : _bil. ; _c24 cm. |
||
| 651 | 4 |
_aRepública Dominicana _xCondiciones Económicas _9281 |
|
| 651 | 4 |
_aRepública Dominicana _xPolítica Económica _9643 |
|
| 651 | 4 |
_aRepública Dominicana _xIntegración Económica _92985 |
|
| 710 | 2 |
_aInstituto para la Integración de América Latina _932039 |
|
| 049 | _aBNPD | ||
| 999 |
_c13780 _d13780 |
||